Lo científico de la investigación cualitativa: viejos dilemas, nuevas posturas /
Պահպանված է:
| Հիմնական հեղինակ: | |
|---|---|
| Ձևաչափ: | Տեքստ |
| Ցուցիչներ: |
Ավելացրեք ցուցիչ
Չկան պիտակներ, Եղեք առաջինը, ով նշում է այս գրառումը!
|
MARC
| LEADER | 00000 a a2200000 04500 | ||
|---|---|---|---|
| 001 | 10125 | ||
| 003 | |||
| 040 | |||
| 100 | |a Castillo, Elizabeth | ||
| 245 | |a Lo científico de la investigación cualitativa: |b viejos dilemas, nuevas posturas / |c Elizabeth Castillo | ||
| 773 | |g número 18; páginas 46-53 | ||
| 999 | |c 22891 |d 22891 | ||
